1845 1416 1380 1816 1959 1322 1389 1248 1007 1501 1006 1974 1061 1632 1228 1735 1527 1668 1297 1521 1094 1659 1757 1220 1898 1711 1808 1293 1873 1328 1370 1173 1214 1806 1323 1768 1170 1903 1333 1691 1844 1135 1086 1521 1354 1059 1913 1622 1074 1640 1755 1816 1834 1851 1841 1398 1944 1336 1963 1989 1707 1040 1281 1747 1089 1753 1793 1769 1287 1794 1161 1813 1725 1135 1006 1003 1173 1332 1706 1810 1464 1640 1131 1884 1028 1547 1870 1295 1509 1282 1556 1228 1329 1182 1639 1830 1555 1360 1879 BCNSPRNW ULIB Ver.6.0+V

เปลี่ยนเป็นภาษาไทย

Change to English
 แสดงรายละเอียดบรรณานุกรม
  กลับหน้าหลัก

Brief Record : Get Marc (ISO 2709) : E-mail record : QR code < ปิดหน้าต่าง
LEADER : 00000nam 2200000uu 4500
001    13399114435
003     ULIB
008    110627s||||||||th 000 0 tha d
020    9743224432
098    นว.^bม162ค
100 0  สุเมธ เชาว์ชุติ
245 00 ครั้งเดียวไม่เคยฆ่า/^cสุเมธ เชาว์ชุติ
250    พิมพ์ครั้งที่ 4
260    กรุงเทพฯ :^bมติชน,^c2545
300    208 หน้า
710 1  มติชน
945    ^p0^l0^i031545
995    ทศพร
999 ^a ใช้งานได้ทุกระบบ
รายการนี้ยังไม่มีแท็ก
คุณยังไม่ได้ล็อกอิน คุณสามารถมีกิจกรรมร่วมกับเว็บไซต์ได้ แต่ต้องล็อกอินก่อน ::
  ล็อกอิน

รายการสื่อสารสนเทศ

ลำดับที่ ประเภท เลขเรียก/บาร์โค้ด สถานที่ สถานะ
1. นวนิยาย
นวนิยาย
 ฉ.1 
  Barcode: 031545
ห้องสมุดวิทยาเขตสวรรค์ประชารักษ์
►นวนิยาย
บนชั้น
  ขอยืม

BibComment


ยังไม่เคยถูกคอมเมนท์

คอมเมนท์ทรัพยากรรายการนี้
  คอมเมนท์: ครั้งเดียวไม่เคยฆ..


 Copyright 2026. Bcnsprnw @Library